00325nam a2200121Ia 4500008004100000041000800041082001500049100001800064245004500082260003200127300003500159365000900194240624s9999 xx 000 0 und d aeng a332.63 SIM aSIMOZAR SAIED aADVANCED FIXED INCOME AND DERIVATIVES MA c2015aUnited KingdombWiley axxxviii, : 322 : p. : cm. ; 25 cb30